| 000 | 00458 a2200169 4500 | ||
|---|---|---|---|
| 003 | Nust | ||
| 005 | 20221220121753.0 | ||
| 040 | _cNust | ||
| 082 | _a133.092, DEE | ||
| 100 |
_aDr.Dee John _9105349 |
||
| 245 |
_aThree Famous Occultists _cDr.John Dee |
||
| 260 |
_alondon _bRider & co |
||
| 300 | _a190p.; | ||
| 505 | _aDr John Dee (Page 1), Franz Anton Mesmer (Page-75), Thomas Lake Harris (Page-129). | ||
| 650 |
_aoccultists _9105350 |
||
| 942 |
_2ddc _cBK |
||
| 999 |
_c193731 _d193731 |
||